Größte Metropolregionen Südamerikas - Statistiken

Allgemein
  • Dieses Quiz wurde 52 mal gespielt
  • Das Durchschnittsergebnis liegt bei 14 aus 20
Antwortstatistiken
Einwohner Antwort % Korrekt
9.900.000 Bogotá
100%
15.800.000 Buenos Aires
100%
22.000.000 São Paulo
100%
13.300.000 Rio de Janeiro
98%
7.100.000 Santiago de Chile
95%
8.500.000 Lima
93%
3.210.000 Caracas
88%
4.290.000 Brasília
83%
4.260.000 Medellín
80%
5.300.000 Belo Horizonte
78%
2.680.000 Manaus
60%
4.320.000 Porto Alegre
55%
3.990.000 Recife
55%
3.150.000 Cali
50%
3.950.000 Fortaleza
45%
2.510.000 Belém
43%
3.910.000 Salvador de Bahía
43%
3.500.000 Curitiba
38%
3.100.000 Guayaquil
38%
2.520.000 Goiânia
18%
Keine übereinstimmenden Quizze gefunden
Verteilung der Resultate
Anzahl Personen mit jedem Resultat
Perzentil nach korrekt beantworteten Fragen
Ihre Resultats-Entwicklung
Sie haben dieses Quiz noch nicht gespielt